000
00340nam a2200157Ia 4500
100
_a
Say/M.G
650
_a
Carpentery
942
_c
BK
654
_a
Alternating Current Machine
245
_a
Alternating Current Machine
260
_b
Pitman
_a
London
_c
1983
082
_a
621.3
_b
Say
300
_a
632
546
_a
ENGLISH
999
_c
24506
_d
24506